| 000 | 004230000a22001690004500 | ||
|---|---|---|---|
| 003 | MACL | ||
| 005 | 20160106134739.0 | ||
| 008 | 160106b xxu||||| |||| 00| 0 eng d | ||
| 040 |
_aMACL _cMACL |
||
| 041 | _aEnglish | ||
| 082 | _a891.2/ANA | ||
| 100 |
_aAyyar, Sri S Anantharma _928705 |
||
| 245 | _aWave of Bliss | ||
| 260 |
_bGanesh & Co Ltd _c1958 _aMadras |
||
| 650 |
_aLiterature _928706 |
||
| 942 |
_cBK _k891.2/ANA _2ddc |
||
| 999 |
_c36594 _d36594 |
||